000 01131pam a2200313 a 4500
999 _c18384
_d18384
001 3089875
005 20161217115421.0
008 980930s1999 nyua b 000 0 eng
010 _a 98040837
020 _a080211640X
040 _aDLC
_cDLC
_dDLC
043 _an-us---
050 0 0 _aNX180.S6
_bD48 1999
100 1 _aDery, Mark,
_d1959-
245 1 4 _aThe pyrotechnic insanitarium :
_bAmerican culture on the brink /
_cMark Dery.
250 _a1st ed.
260 _aNew York :
_bGrove Press,
_cc1999.
300 _aviii, 295 p. :
_bill. ;
_c24 cm.
504 _aIncludes bibliographical references (p. [271]-295).
650 0 _aPopular culture
_zUnited States.
651 0 _aUnited States
_xCivilization
_y1970-
942 _2lcc
_cBOOKS
_hNX180.S6 D48 1999